LEADER 00859nam a2200193 i 4500 001 000000075090 003 CaOOAMICUS 005 20110525000000.0 008 110525s1842 it u000 u ita u 013 $a46262 040 $aSeMil$bita 100 1 $aAzeglio, Massimo : d',$d<1798-1862>.$0(OLS)http://semarc/name/6316 245 10$aEttore Fieramosca, o, La disfida di Barletta /$cdi Massimo d'Azeglio ; edizione ornata di 200 disegni originali di I. De Moraine intercalati nel testo. 260 $aTorino :$bStab. Tip. Fontana,$c1842. 300 $aIX, 338 p. :$bill. ;$c26 cm. 850 $aSeMil 852 $aSeMil$W1$xVenegono$y1$m1D VII 6 FA$j41242$B41242$CSeMilBibl$Z2$F41246 $8I 996 $6245$aEttore Fieramosca, o, La disfida di Barletta$9(OLS)http://semarc/title/121849 996 $6260$aTorino :$bStab. Tip. Fontana$9(OLS)http://semarc/publisher/40613 LEADER 01394nam a2200301 i 4500 001 000000107606 003 CaOOAMICUS 005 20050913000000.0 008 050913s1964 it u000 u ita u 013 $a79897 040 $aSeMil$bita 100 1 $aAubert, Marcel.$0(OLS)http://semarc/name/45305 245 10$aTrionfo del gotico /$cdi Marcel Aubert ; con la collaborazione di J. A. Schmoll Eisenwerth e Hans H. Hofstätter ; traduzione di Luisa Franchi. 260 $aMilano :$bIl Saggiatore,$c1964. 300 $a294 p. :$briccamente ill. ;$c24 cm. 490 0 $aIl Marcopolo. 2. serie 500 $aIn mezzo al front. : 55 tavole a colori, 24 illustrazioni in nero, 65 disegni, 3 carte geografiche. - Fondo Ciprandi. 650 4$aArte gotica - Francia - Trionfi.$0(OLS)http://semarc/subject/18931 700 1 $aFranchi, Luisa.$0(OLS)http://semarc/name/28111 700 1 $aHofstätter, Hans H.$0(OLS)http://semarc/name/45307 700 1 $aSchmoll Eisenwerth, J. A.$0(OLS)http://semarc/name/45306 830 3$aIl Marcopolo. 2. serie.$0(OLS)http://semarc/title/10164 850 $aSeMil 852 $aSeMil$W1$xVenegono$y1$m5U VI 3$j63702$B63702$CSeMilBibl$Z2$F102791 $81 941 1 $a1 961 $aOmaggio: Ciprandi dott. Paolo 996 $6245$aTrionfo del gotico$9(OLS)http://semarc/title/156264 996 $6260$aMilano :$bIl Saggiatore$9(OLS)http://semarc/publisher/30255